000 01281nam a22002657a 4500
005 20240530110336.0
008 141019s2012 ua oj gr 000 0 ara d
017 _a16978/2011
_bمصر . دار الكتب
020 _a9773285103
040 _aEG-CaGPL
082 0 4 _221
_a371.334\
_bح ت
100 0 _aحسن الباتع محمد عبدالعاطى
245 1 2 _aالتعلم الالكترونى الرقمى :
_bالنظرية - التصميم - الانتاج /
_cتاليف حسن الباتع محمد عبدالعاطى ، السيد عبدالمولى السيد ابوخطوة ، تقديم احمد كامل الحصرى
260 _aالاسكندرية :
_bدار الجامعة الجديد ،
_c2012
300 _a521 ص :
_bصور ، جداول ؛
_c24 سم
650 0 4 _aالتعليم
_xطرق التدريس
650 0 4 _aتكنولوجيا التعليم
650 0 4 _aالتعليم
_xاستخدام الحاسب الالى
650 0 4 _aالتعليم
_xبرامج
650 0 4 _aالتعليم الالكترونى
_xمقررات
700 0 _aالسيد عبدالمولى السيد ابوخطوة
_eمؤلف مشارك
700 0 _aاحمد كامل الحصرى
_eمقدم
942 _2ddc
_cBK
999 _c59796
_d59796